01398nam a22003017a 4500999001700000003000900017008004100026020001800067040007100085082001700156245020900173260005000382300005800432440006300490650002900553650002900582650003500611650003500646650004000681650002800721700004100749700003900790700004000829710009700869942001600966945000800982952010600990 c22607d22607AR-CdUCM190409b ||||| |||| 00| 0 spa d a9786124150661 aMUNICIPALIDAD PROVINCIAL DEL CUSCOcBIBLIOTECA MUNICIPAL DEL CUSCO a343.5/J8bJ8 aJusticia electoral en América Latina :bmecanismos de resolución de conflictos : experiencias comparadas /cFrancisco A. Távara Córdova, Patricio Valdés Aldunate, Alberto Dalla Vía... [et al.] aLima :bJurado Nacional de Elecciones,c2016. a296, [3] páginas. :bil., diagrs., retrs. ;c21 cm. aDerecho electoral. Actas, memorias y mesas redondas948635 aSistema electoral944786 aDerecho electoral944787 aObservación electoral948636 aGestión de conflictos945698 aAdministración de justicia948637 aAmérica Latina948631 aTávara Córdova, Francisco948638 aValdés Aldunate, Patricio948639 aDalla Vía, Alberto Ricardo948640 aJurado Nacional de EleccionesbEscuela Electoral y de Gobernabilidadtentidad editora948634 2ddccLIBROS arac 002ddc4070aSHbSHcCARTd2022-11-29eDonacióng30.00o343.5/J8pSH0000016444r2022-11-29yLIBROS